Grundlagen der analytischen Topologie /

Guardado en:
Autor Principal: Nöbeling, Georg.
Formato: Libro
Idioma:German
Publicado: Berlin : Springer-Verlag, 1954.
Series:Die Grundlehren der mathematischen Wissenschaften in Einzeldarstellungen mit besonderer Berücksichtigung der Anwendungsgebiete ; v. 72
Etiquetas: Agregar Etiqueta
Sin Etiquetas, Sea el primero en etiquetar este registro!
LEADER 00589nam a22001575a 4500
001 MAT.inmabb000688
008 031118s1954####gw############001#0#ger#d
005 20170803115256.0
245 1 0 |a Grundlagen der analytischen Topologie /  |c von Georg Nöbeling. 
260 |a Berlin :  |b Springer-Verlag,  |c 1954. 
300 |a x, 221 p. 
440 4 |a Die Grundlehren der mathematischen Wissenschaften in Einzeldarstellungen mit besonderer Berücksichtigung der Anwendungsgebiete ;  |v v. 72 
510 4 |a MR,  |c MR0068197 
100 1 |a Nöbeling, Georg. 
084 |a 54-XX  |2 msc2000 
859 |h 54  |i N744  |p A-497  |b BIB. MATEMATICA